000 01803cad a22002775a 4500
001 L141531
008 071129e20071127xxk f f000 0 eng d
035 _a(Sirsi) u141531
041 0 _aeng
050 0 4 _a711.026 $2 18
110 1 _aUnited Kingdom
_bDepartment for Communities and Local Government
_94939
245 0 0 _aTree preservation orders: improving procedures
_bconsultation paper
_h[electronic resource]
260 _aLondon
_bDCLG
_c2007
520 _aConsiders how the planning white paper "Planning for a sustainable future" (L138208) impacts on Tree Preservation Orders (TPOs). Proposes changes to the Town and Country Planning (Trees) Regulations 1999, aimed at streamlining TPO-related procedures. Proposes that notices should only be sent to owners and occupiers of land where the trees are situated; that there should be a standard form for pruning and felling applications; that appeals against TPO decisions be determined on the basis of the authority's information and a site visit; and that appeal decisions be taken by Planning Inspectorate appointed Inspectors. Responses are due by 19 February 2008.
590 _aKA
650 2 4 _aPLANNING WHITE PAPER 2007
650 2 4 _aTOWN AND COUNTRY PLANNING (TREES) REGULATIONS 1999
650 2 4 _aTOWN AND COUNTRY PLANNING ACT 1990
650 2 4 _aENVIRONMENTAL INFORMATION REGULATIONS 2004
650 2 4 _aFREEDOM OF INFORMATION ACT 2000
650 2 4 _aDATA PROTECTION ACT 1998
651 4 _aUnited Kingdom
_y
690 _aENVIRONMENTAL AND LAND CONSULTANCY-PLANNING AND DEVELOPMENT-DEVELOPMENT CONTROL
856 4 0 _uhttps://webarchive.nationalarchives.gov.uk/20071204125945/http://www.communities.gov.uk/documents/planningandbuilding/pdf/treepreservation
_zView the item free of charge at nationalarchives.gov.uk
942 _n0
999 _c107692
_d107692